| 000 | 01037nam a2200325 a 4500 | ||
|---|---|---|---|
| 001 | 000030637 | ||
| 003 | DO-SdBPM | ||
| 005 | 20260128104822.0 | ||
| 007 | ta | ||
| 008 | 110525s2012 dr 000 j spa d | ||
| 020 | _a9789945455588 | ||
| 040 |
_aDO-SdBPM _bspa _cBPMSU _erda |
||
| 082 | 4 |
_aRD863.5 _bG993t 2012 _222 |
|
| 100 | 1 |
_aGuzmán, Ibeth _eautor _4aut. |
|
| 245 | 1 | 0 |
_aTierra de cocodrilos / _cIbeth Guzmán. |
| 264 |
_aSan Juan, Puerto Rico : _bIsla Negra ; _c2012 |
||
| 300 |
_a64 páginas : _bilustraciones ; _c23 cm. |
||
| 336 |
_atexto _btxt _2rdacontent |
||
| 337 |
_asin mediación _bn _2rdamedia |
||
| 338 |
_avolumen _bnc _2rdacarrier |
||
| 490 | 0 | _aEl rostro y la máscara | |
| 500 | _aIncluye datos biográficos del autor en la solapa de la contracubierta | ||
| 590 | _aInventariado, 2026/VM | ||
| 650 | 7 | _aCuentos dominicanos | |
| 650 | 7 | _aLiteratura dominicana. | |
| 650 | z | _aShort stories, Dominican | |
| 650 | z | _aDominican literature | |
| 910 | _aVMateo V. Control de la calidad BPMSU | ||
| 942 |
_2ddc _cBK |
||
| 999 |
_c15635 _d15635 |
||